ARRUPE JESUIT UNIVERSITY

CORONAVIRUS -STOP THE SPREAD - CLEAN,DISINFECT,COVER

Aid and reform in Africa : (Record no. 127839)

MARC details
000 -LEADER
fixed length control field 01259cam a22003134a 4500
001 - CONTROL NUMBER
control field 12195697
003 - CONTROL NUMBER IDENTIFIER
control field ARRUPE
005 - DATE AND TIME OF LATEST TRANSACTION
control field 20180328120106.0
008 - FIXED-LENGTH DATA ELEMENTS--GENERAL INFORMATION
fixed length control field 001005s2001 dcua b i001 0 eng
010 ## - LIBRARY OF CONGRESS CONTROL NUMBER
LC control number 00050359
020 ## - INTERNATIONAL STANDARD BOOK NUMBER
International Standard Book Number 0821346695 (pbk.)
040 ## - CATALOGING SOURCE
Original cataloging agency DLC
Transcribing agency DLC
Modifying agency DLC
042 ## - AUTHENTICATION CODE
Authentication code pcc
043 ## - GEOGRAPHIC AREA CODE
Geographic area code f------
050 00 - LIBRARY OF CONGRESS CALL NUMBER
Classification number HC800
Item number .A628 2000
082 00 - DEWEY DECIMAL CLASSIFICATION NUMBER
Classification number 338.96
Edition number 21
300 ## - PHYSICAL DESCRIPTION
Other physical details ill. ;
Dimensions 23 cm.
245 00 - TITLE STATEMENT
Title Aid and reform in Africa :
Remainder of title lessons from ten case studies /
Statement of responsibility, etc edited by Shantayanan Devarajan, David R. Dollar, Torgny Holmgren.
246 14 - VARYING FORM OF TITLE
Title proper/short title Aid & reform in Africa
260 ## - PUBLICATION, DISTRIBUTION, ETC. (IMPRINT)
Place of publication, distribution, etc Washington, D.C. :
Name of publisher, distributor, etc World Bank,
Date of publication, distribution, etc c2000.
300 ## - PHYSICAL DESCRIPTION
Extent xiii, 696 p. :
504 ## - BIBLIOGRAPHY, ETC. NOTE
Bibliography, etc Includes bibliographical references and index.
650 #0 - SUBJECT ADDED ENTRY--TOPICAL TERM
Topical term or geographic name as entry element Economic assistance
Geographic subdivision Africa.
9 (RLIN) 12205
651 #0 - SUBJECT ADDED ENTRY--GEOGRAPHIC NAME
Geographic name Africa
General subdivision Economic policy.
9 (RLIN) 12207
700 1# - ADDED ENTRY--PERSONAL NAME
Personal name Devarajan, Shantayanan,
Dates associated with a name 1954-
9 (RLIN) 41197
700 1# - ADDED ENTRY--PERSONAL NAME
Personal name Dollar, David.
9 (RLIN) 41198
700 1# - ADDED ENTRY--PERSONAL NAME
Personal name Holmgren, Torgny,
Dates associated with a name 1954-
9 (RLIN) 41199
906 ## - LOCAL DATA ELEMENT F, LDF (RLIN)
a 7
b cbc
c orignew
d 1
e ocip
f 20
g y-gencatlg
942 ## - ADDED ENTRY ELEMENTS (KOHA)
Source of classification or shelving scheme Library of Congress Classification
Koha item type Monograph ( Printed materials)
Holdings
Withdrawn status Lost status Source of classification or shelving scheme Damaged status Not for loan Collection code Home library Current library Shelving location Date acquired Total Checkouts Full call number Barcode Date last seen Price effective from Koha item type
    Library of Congress Classification     Main Collection ARRUPE LIBRARY ARRUPE LIBRARY Main Collection 28/03/2018   HC800 .A628 2000 46600001968 28/03/2018 28/03/2018 Monograph ( Printed materials)

 

Arrupe Library. PO Box MP320 Mt Pleasant, Harare, Zimbabwe
263 242 745411|librarian@aju.ac.zw